Para comprender las religiones en nuestro tiempo
Guardat en:
| Autor principal: | |
|---|---|
| Format: | Llibre |
| Idioma: | espanyol |
| Publicat: |
Pamplona
Verbo Divino
2006
|
| Edició: | 9a. ed |
| Col·lecció: | Para Leer - Comprender, Vivir, 24
|
| Matèries: | |
| Etiquetes: |
Afegir etiqueta
Sense etiquetes, Sigues el primer a etiquetar aquest registre!
|
MARC
| LEADER | 00000cam a2200000 a 4500 | ||
|---|---|---|---|
| 001 | UCD2031 | ||
| 003 | CL-VaPUC | ||
| 008 | 160407e20060000sp |||||||||||||||||spa|d | ||
| 020 | |a 8471516330 | ||
| 020 | |a 9788471516336 | ||
| 082 | 0 | 4 | |a 289 |b SAM |2 21 |
| 100 | 0 | |a Samuel, Albert |e author |9 585274 | |
| 245 | 1 | 0 | |a Para comprender las religiones en nuestro tiempo |
| 250 | |a 9a. ed | ||
| 300 | |a 218 p | ||
| 942 | |c BK | ||
| 945 | |d 20160407 22:06:00 |a arojas | ||
| 260 | |a Pamplona |b Verbo Divino |c 2006 | ||
| 650 | 0 | |a Religiones |9 265211 | |
| 650 | 0 | |a Animismo |9 316315 | |
| 650 | 0 | |a Hinduismo |9 265212 | |
| 650 | 7 | |a BUDISMO |2 CL-VaPUC |9 585275 | |
| 650 | 0 | |a Judaísmo |9 269348 | |
| 650 | 0 | |a Cristianismo |9 257361 | |
| 583 | |a last modification |c 20160407 22:06:00 |k Rodrigo Vera | ||
| 490 | 0 | |a Para Leer - Comprender, Vivir, 24 | |
| 999 | |c 363237 |d 363235 | ||
| 952 | |0 0 |1 0 |3 erb |4 0 |6 289_000000000000000_SAM_2006 |7 0 |8 A |9 475123 |a BIBTEO |b BIBTEO |i 5280443 |o 289 SAM 2006 |p 5280443 |r 2024-01-18 |w 2019-11-24 |y BK |z Catalogado en:20160407 |k ICR | ||
| 952 | |0 0 |1 0 |3 erb |4 0 |6 289_000000000000000_SAM_2006 |7 0 |8 A |9 475124 |a BIBTEO |b BIBTEO |i 5440432 |o 289 SAM 2006 |p 5440432 |r 2024-01-18 |w 2019-11-24 |y BK |z Catalogado en:20171201 |k ICR | ||